[Event "Titled Tue 24th Jun Late"]
[Site "chess.com INT"]
[Date "2025.06.24"]
[Round "7"]
[White "Brady, Tyson"]
[Black "Dubnevych, Maksym"]
[Result "0-1"]
[WhiteTitle "CM"]
[BlackTitle "FM"]
[WhiteElo "2170"]
[BlackElo "2296"]
[WhiteFideId "30970369"]
[BlackFideId "14184001"]
[EventDate "2025.06.24"]

1. Nf3 d5 2. g3 c5 3. Bg2 Nc6 4. O-O e5 5. c4 Nf6 6. cxd5 Nxd5 7. Nc3 Be6 8. d3
Be7 9. Bd2 O-O 10. Nxd5 Bxd5 11. Bc3 f6 12. a4 Rc8 13. Nd2 Bf7 14. Nc4 b6 15.
Be4 Nd4 16. e3 Ne6 17. h4 g6 18. Bg2 Nc7 19. f4 exf4 20. gxf4 Nd5 21. e4 Nxc3
22. bxc3 Qc7 23. h5 Rcd8 24. Qe2 Kg7 25. Ne3 Qd7 26. Rfd1 Bd6 27. Qf3 Bc7 28.
Qg3 Kh8 29. hxg6 hxg6 30. Kf2 Kg8 31. d4 cxd4 32. cxd4 g5 33. Nf5 Bxf4 34. Qg4
Bg6 35. Bh3 Bxf5 36. Qxf5 Qxf5 37. Bxf5 Kg7 38. Rh1 Rh8 39. d5 Be5 40. Rac1 Kf7
41. Kg2 Rxh1 42. Rxh1 Ke7 43. Rh7+ Kd6 44. Rxa7 Kc5 45. Rd7 Rh8 46. Rh7 Ra8 47.
Bd7 Kd4 48. Kf3 Ra7 49. Rf7 Rc7 50. Be6 Rc3+ 51. Ke2 Kxe4 52. Rb7 Rc2+ 53. Kd1
Rb2 54. a5 bxa5 55. Rxb2 Bxb2 56. d6 Ba3 57. d7 Be7 58. Ke2 f5 59. Ba2 g4 60.
Kf2 f4 0-1

[Event "Titled Tue 24th Jun Late"]
[Site "chess.com INT"]
[Date "2025.06.24"]
[Round "7"]
[White "Tang, Austin"]
[Black "Rosen, Eric"]
[Result "1/2-1/2"]
[BlackTitle "IM"]
[WhiteElo "1979"]
[BlackElo "2377"]
[WhiteFideId "30964580"]
[BlackFideId "2032562"]
[EventDate "2025.06.24"]

1. d4 e6 2. c4 f5 3. Nc3 Nf6 4. Bg5 Bb4 5. a3 Bxc3+ 6. bxc3 h6 7. Bxf6 Qxf6 8.
g3 Nc6 9. e3 b6 10. Bg2 Bb7 11. Ne2 Na5 12. Bxb7 Nxb7 13. O-O O-O 14. Nf4 c5 15.
d5 e5 16. Nd3 d6 17. Qa4 Na5 18. f3 Rf7 19. e4 Raf8 20. Nf2 g6 21. Rae1 Kh8 22.
exf5 gxf5 23. Kg2 Rg8 24. Re2 h5 25. Rh1 h4 26. Kf1 Rh7 27. Rg1 Qh6 28. Qc2 e4
29. fxe4 Nxc4 30. Qd3 Ne5 31. Qe3 Qxe3 32. Rxe3 fxe4 33. Nxe4 Ng4 34. Re2 h3 35.
Nxd6 Rd7 36. Re6 Rg5 37. c4 Nxh2+ 38. Ke2 Ng4 39. Rh1 h2 40. Ne4 Rh5 41. Nf6
Nxf6 42. Rxf6 Re7+ 43. Kf3 Kg7 44. Rf4 b5 45. cxb5 Rd7 46. Rh4 Rxh4 47. gxh4
Rxd5 48. Rxh2 Rd3+ 49. Ke4 Rxa3 50. Kd5 Rc3 51. h5 Kh6 52. Ra2 Rb3 53. Kc4 Rb1
54. Rxa7 Rc1+ 55. Kd5 c4 56. Rc7 c3 57. Kd4 c2 58. Kd3 Rb1 59. Kxc2 Rxb5 60.
Rc6+ Kxh5 61. Rc3 Kg5 62. Rb3 Rxb3 63. Kxb3 1/2-1/2

[Event "Titled Tue 24th Jun Late"]
[Site "chess.com INT"]
[Date "2025.06.24"]
[Round "7"]
[White "Garde, Guillaume"]
[Black "Mayaud, Raphael"]
[Result "1-0"]
[WhiteTitle "CM"]
[BlackTitle "CM"]
[WhiteElo "2211"]
[BlackElo "2126"]
[WhiteFideId "45138273"]
[BlackFideId "627151"]
[EventDate "2025.06.24"]

1. d4 d5 2. Nf3 c6 3. e3 Nf6 4. b3 Bg4 5. h3 Bh5 6. Bd3 Nbd7 7. O-O e6 8. Bb2
Bd6 9. Nbd2 O-O 10. c4 Qe7 11. Qc2 Bg6 12. Ne5 Bxe5 13. dxe5 Ne8 14. Bxg6 hxg6
15. Nf3 dxc4 16. bxc4 Nc7 17. a4 c5 18. Nd2 Na6 19. Ne4 Nb4 20. Qb3 Rfd8 21. f4
Nf8 22. Nd6 a5 23. Rad1 Rd7 24. Rd2 Rad8 25. Rfd1 Nh7 26. Qc3 Nf8 27. Kh2 Ra8
28. Ba3 Rdd8 29. Nb5 g5 30. Nd6 Ng6 31. g3 gxf4 32. exf4 Qc7 33. Ne4 Ne7 34. Rd6
Nf5 35. R6d2 Nd4 36. Kg2 Rd7 37. Nxc5 Qxc5 38. Rxd4 Qc6+ 39. Kh2 Rad8 40. Rxd7
Rxd7 41. Rxd7 Qxd7 42. Bxb4 axb4 43. Qxb4 Qd4 44. Qxb7 Qxc4 45. Qa8+ Kh7 46. a5
Qe2+ 47. Qg2 Qb5 48. Qa2 Qa6 49. h4 g6 50. Kh3 Kg7 51. Kh2 Kh7 52. Kg2 Kg7 53.
Qa3 Kg8 54. Kf3 Kg7 55. Ke4 Qc6+ 56. Ke3 Qa6 57. Kd4 Qe2 58. a6 Qf2+ 59. Kc4
Qc2+ 60. Kb5 Qb1+ 61. Kc6 1-0

[Event "Titled Tue 24th Jun Late"]
[Site "chess.com INT"]
[Date "2025.06.24"]
[Round "7"]
[White "Pakleza, Zbigniew"]
[Black "Leiva, Gianmarco"]
[Result "1/2-1/2"]
[WhiteTitle "GM"]
[BlackTitle "IM"]
[WhiteElo "2484"]
[BlackElo "2387"]
[WhiteFideId "1119290"]
[BlackFideId "3804399"]
[EventDate "2025.06.24"]

1. d4 d5 2. Nf3 e6 3. Bf4 Bd6 4. Bg3 c5 5. c3 Ne7 6. Nbd2 cxd4 7. cxd4 Nbc6 8.
e3 O-O 9. Bd3 h6 10. a3 Bxg3 11. hxg3 Qb6 12. b4 Bd7 13. O-O Rfc8 14. Nb3 Nd8
15. Nc5 Bb5 16. g4 Bxd3 17. Qxd3 Qd6 18. g5 hxg5 19. Nxg5 Nf5 20. g4 f6 21.
Ngxe6 Ng3 22. Nxd8 Nxf1 23. Nde6 Qh2+ 24. Kxf1 Qh3+ 25. Ke1 Qxg4 26. Nf4 b6 27.
Nce6 Rc6 28. b5 Rxe6 29. Nxe6 Qxe6 30. Rc1 Rc8 31. Rxc8+ Qxc8 32. Kd2 Qd7 33. a4
Kf7 34. Qc3 Kg6 35. Qc2+ Qf5 36. f3 Qxc2+ 37. Kxc2 f5 38. Kd3 Kf6 39. Ke2 Kg5
40. Kf2 Kh4 41. Kg2 Kg5 42. Kh3 Kh5 43. Kg3 g5 44. Kg2 Kg6 45. Kg3 Kf6 46. Kh3
Kg6 47. Kg3 Kh5 48. Kh3 g4+ 49. Kg3 Kg5 50. Kg2 Kh5 51. Kg3 Kg5 52. Kg2 f4 53.
e4 g3 54. e5 Kf5 55. Kg1 Ke6 56. Kg2 Kd7 57. Kg1 Ke7 58. Kg2 Kf7 59. Kg1 Kg6 60.
Kg2 Kf5 61. Kg1 Ke6 62. Kg2 Kf5 1/2-1/2

[Event "Titled Tue 24th Jun Late"]
[Site "chess.com INT"]
[Date "2025.06.24"]
[Round "7"]
[White "Lavorgna, Giovanni"]
[Black "Cardozo Munar, Carlos Eduardo"]
[Result "1-0"]
[WhiteTitle "CM"]
[BlackTitle "FM"]
[WhiteElo "1902"]
[BlackElo "2052"]
[WhiteFideId "11800100"]
[BlackFideId "4409477"]
[EventDate "2025.06.24"]

1. d4 d5 2. Nf3 Nf6 3. c4 e6 4. g3 a6 5. Bg2 dxc4 6. O-O b5 7. Ne5 Nd5 8. a4 Bb7
9. b3 c3 10. e4 Nf6 11. Nxc3 b4 12. Ne2 Bxe4 13. Bg5 Bxg2 14. Kxg2 a5 15. Qd3
Qd5+ 16. Kg1 Be7 17. Nf4 Qb7 18. Rac1 Nd5 19. Nxd5 exd5 20. Bxe7 Kxe7 21. Rfe1
Kf8 22. Qf5 c6 23. Rc5 f6 24. Rec1 Ra6 25. Nd3 Qd7 26. Qf4 Rb6 27. Qf3 g6 28.
Qxf6+ Kg8 29. Ne5 Qe8 30. Nxc6 Nxc6 31. Rxc6 Rxc6 32. Rxc6 Qe1+ 33. Kg2 Qe4+ 34.
Kh3 Qf5+ 35. Qxf5 gxf5 36. Rf6 Kg7 37. Rxf5 Rd8 38. Re5 Kf6 39. f4 Rd7 40. g4
Rc7 41. Rxd5 Rc3+ 42. Kh4 Rxb3 43. Rxa5 Rd3 44. g5+ Ke6 45. f5+ Kd6 46. Rb5
Rxd4+ 47. Kh5 Rd2 48. h4 Rd4 49. g6 hxg6+ 50. Kxg6 Rxh4 51. f6 Rf4 52. f7 1-0

[Event "Titled Tue 24th Jun Late"]
[Site "chess.com INT"]
[Date "2025.06.24"]
[Round "7"]
[White "Sethuraman, Roshan"]
[Black "Kozionov, Kirill"]
[Result "0-1"]
[BlackTitle "IM"]
[WhiteElo "2074"]
[BlackElo "2442"]
[WhiteFideId "30965250"]
[BlackFideId "24101729"]
[EventDate "2025.06.24"]

1. e4 d5 2. exd5 Nf6 3. Nc3 Nxd5 4. Be2 c6 5. Nf3 g6 6. Nxd5 cxd5 7. d4 Bg7 8.
c3 O-O 9. O-O Nc6 10. h3 Bf5 11. Bf4 h6 12. Re1 g5 13. Bg3 e6 14. Bd3 Ne7 15.
Be5 Bxd3 16. Qxd3 Ng6 17. Bxg7 Kxg7 18. Ne5 Nxe5 19. Rxe5 Qf6 20. Rae1 a6 21. g3
b5 22. a3 Rab8 23. Rf1 Qg6 24. Qd2 a5 25. Kh2 b4 26. axb4 axb4 27. f4 f5 28.
fxg5 hxg5 29. Rfe1 Rb6 30. cxb4 Rc8 31. Rc1 Rbc6 32. Rc5 g4 33. h4 Rxc5 34. bxc5
Ra8 35. c6 Rc8 36. Qb4 Qe8 37. Qb7+ Kf6 38. Re2 Qxc6 39. Qh7 Re8 40. Qh6+ Ke7
41. Qg7+ Kd8 42. h5 Qd7 43. Qe5 Qf7 44. Qd6+ Qd7 45. Qf4 Qc7 46. Qg5+ Qe7 47.
Qe3 Kd7 48. Rc2 Rc8 49. Rxc8 Kxc8 50. h6 Qf7 51. Qg5 Kd7 52. Qg7 Ke7 53. Qxf7+
Kxf7 54. b4 e5 55. b5 exd4 56. b6 d3 57. h7 d2 58. h8=Q d1=Q 59. Qh7+ Kf6 60.
Qh8+ Kf7 61. Qb2 f4 62. b7 fxg3+ 63. Kxg3 Qf3+ 64. Kh4 Kg6 65. Qb6+ Kf5 0-1

[Event "Titled Tue 24th Jun Late"]
[Site "chess.com INT"]
[Date "2025.06.24"]
[Round "7"]
[White "Jimenez Fernandez, Rebeca"]
[Black "Evdokimov, Alexey"]
[Result "0-1"]
[WhiteTitle "WFM"]
[BlackTitle "FM"]
[WhiteElo "2154"]
[BlackElo "2205"]
[WhiteFideId "32070934"]
[BlackFideId "24162450"]
[EventDate "2025.06.24"]

1. e4 e6 2. d4 d5 3. exd5 exd5 4. Nf3 Nc6 5. Bb5 Nf6 6. O-O Be7 7. Re1 O-O 8. c3
Ne4 9. h3 Bf5 10. Bf4 Bd6 11. Bxd6 Qxd6 12. Bd3 Rfe8 13. Na3 a6 14. Nc2 Bg6 15.
Ne3 Re7 16. a4 Rae8 17. Qc2 h6 18. b4 Nb8 19. b5 axb5 20. axb5 Nd7 21. Ng4 Qf4
22. Nge5 Nxe5 23. dxe5 Bf5 24. Re3 c5 25. Rae1 c4 26. Bxe4 Bxe4 27. Qe2 Bxf3 28.
Qxf3 Qxf3 29. gxf3 g5 30. h4 Kg7 31. hxg5 hxg5 32. Kg2 Kg6 33. Kg3 Kf5 34. Rd1
Rxe5 35. Rd4 Rxe3 36. fxe3 Rxe3 37. Rxd5+ Kg6 38. Rd7 Rxc3 39. Rxb7 Rb3 40. Rc7
c3 41. b6 f6 42. b7 c2 43. Rxc2 Rxb7 44. Rc5 Re7 45. Rc4 Re5 46. Rc6 Kf5 47. Rb6
Rc5 48. Rd6 Ke5 49. Ra6 f5 50. Ra8 Rc1 51. Re8+ Kf6 52. Rf8+ Kg6 53. Ra8 f4+ 54.
Kf2 Rc2+ 55. Kg1 g4 56. Rg8+ Kf5 57. Rxg4 Ke5 58. Rg5+ Kd4 59. Rg8 Ke3 60. Re8+
Kxf3 61. Rf8 Rc5 62. Rf7 Kg3 63. Kf1 Ra5 0-1

[Event "Titled Tue 24th Jun Late"]
[Site "chess.com INT"]
[Date "2025.06.24"]
[Round "7"]
[White "Fiorito, Fabian"]
[Black "Shapiro, Daniel"]
[Result "1/2-1/2"]
[WhiteTitle "IM"]
[BlackTitle "FM"]
[WhiteElo "2274"]
[BlackElo "2284"]
[WhiteFideId "100200"]
[BlackFideId "2001780"]
[EventDate "2025.06.24"]

1. d4 Nf6 2. c4 e6 3. Nf3 d5 4. Nc3 Bb4 5. Qa4+ Nc6 6. e3 dxc4 7. Bxc4 a6 8. Qc2
O-O 9. O-O b6 10. Rd1 Ne7 11. e4 Bb7 12. Bd3 Ng6 13. a3 Be7 14. Qe2 Nh5 15. Qe3
Nhf4 16. Bf1 Qb8 17. g3 Nh5 18. Be2 Nf6 19. e5 Nd5 20. Nxd5 Bxd5 21. h4 Rd8 22.
h5 Nf8 23. h6 g6 24. Qf4 Nd7 25. Ng5 Rf8 26. Bd3 f6 27. exf6 Rxf6 28. Qg4 Qb7
29. Be3 Raf8 30. Ne4 Rf5 31. Re1 Rh5 32. f3 Nf6 33. Nxf6+ Rxf6 34. Be4 c5 35.
dxc5 Bxc5 36. Bxc5 bxc5 37. Rad1 Bxe4 38. fxe4 Qe7 39. Rd2 Rxh6 40. Red1 Rf8 41.
Rd7 Qf6 42. R7d2 Qf7 43. e5 Qf5 44. Qxf5 Rxf5 45. Rd8+ Rf8 46. Rxf8+ Kxf8 47.
Rd6 Rh5 48. Rxe6 Kf7 49. Rf6+ Ke7 50. Rxa6 Rxe5 51. Ra7+ Kf6 52. Rxh7 Re1+ 53.
Kf2 Rb1 54. Rb7 c4 55. Rb6+ Kg5 56. Rb4 c3 57. bxc3 Rc1 58. Rb3 Rc2+ 59. Kf3 Ra2
60. c4 Rc2 61. Rb4 Rc3+ 62. Kg2 Rxa3 63. c5 Rc3 64. Rb5 Kf6 65. Rb6+ Kf5 66. c6
Kg4 67. Rb4+ Kf5 68. Rb5+ Kg4 69. Rb4+ Kf5 70. Rb6 Kg4 71. Kh2 Rc2+ 72. Kg1 Kxg3
73. Rb3+ Kg4 74. Rb4+ Kg3 75. Rb3+ Kg4 76. Rb4+ Kg3 77. Rb3+ 1/2-1/2

[Event "Titled Tue 24th Jun Late"]
[Site "chess.com INT"]
[Date "2025.06.24"]
[Round "7"]
[White "Carnicelli, Valerio"]
[Black "Jasinski, Alexander"]
[Result "0-1"]
[WhiteTitle "FM"]
[WhiteElo "2396"]
[BlackElo "1989"]
[WhiteFideId "856185"]
[BlackFideId "55627994"]
[EventDate "2025.06.24"]

1. b3 e5 2. Bb2 d6 3. e3 g6 4. f4 Bg7 5. Nf3 Nc6 6. Bb5 Bg4 7. h3 Bxf3 8. Qxf3
Ne7 9. fxe5 dxe5 10. O-O O-O 11. Qf2 a6 12. Bxc6 Nxc6 13. e4 Nd4 14. Bxd4 exd4
15. d3 c5 16. a4 b5 17. Nd2 Qc7 18. Kh1 Bh6 19. Qe2 Bxd2 20. Qxd2 Rac8 21. axb5
axb5 22. Qa5 Qc6 23. Qa6 Qxa6 24. Rxa6 c4 25. bxc4 bxc4 26. Rd6 cxd3 27. cxd3
Rfd8 28. Rxd8+ Rxd8 29. Rc1 Kg7 30. Kh2 Kf6 31. Kg3 Ra8 32. Rc4 Ke5 33. Rc5+ Ke6
34. Rd5 Ra4 35. Kf4 f6 36. g4 h6 37. Rd8 Rb4 38. e5 fxe5+ 39. Ke4 Rb5 40. Rh8
Kf6 41. Rxh6 Rb1 42. Rh8 Re1+ 43. Kd5 Re3 44. Kc4 Kg5 45. h4+ Kxg4 46. Rg8 Kf5
47. Rf8+ Ke6 48. Rg8 Kf6 49. Rh8 Rh3 50. Rh7 Kf5 51. Rf7+ Kg4 52. Rg7 Kf5 53.
Rf7+ Ke6 54. Rg7 Kf6 55. Rh7 Rh1 56. Kd5 Rd1 57. Ke4 Re1+ 58. Kd5 Re3 59. Kc4
Rh3 60. Rh8 Kg7 61. Re8 Rxh4 62. Rxe5 Kf6 63. Rd5 g5 64. Rxd4 Rh1 65. Rd8 Kf5
66. Kd5 g4 67. Rf8+ Kg5 68. d4 g3 69. Ke5 Re1+ 70. Kd6 Kg4 71. d5 g2 72. Rg8+
Kf3 73. Rxg2 Kxg2 74. Kc7 Rc1+ 75. Kd7 Kf3 76. d6 Kf4 77. Ke7 Re1+ 78. Kd8 Ke5
79. d7 Ke6 80. Kc8 Rc1+ 81. Kd8 Rd1 0-1

[Event "Titled Tue 24th Jun Late"]
[Site "chess.com INT"]
[Date "2025.06.24"]
[Round "7"]
[White "Suarez, Pedro"]
[Black "Gubajdullin, Alexei"]
[Result "1/2-1/2"]
[WhiteTitle "CM"]
[BlackTitle "FM"]
[WhiteElo "2066"]
[BlackElo "2233"]
[WhiteFideId "3007642"]
[BlackFideId "4141202"]
[EventDate "2025.06.24"]

1. d4 Nf6 2. c4 g6 3. Nc3 Bg7 4. e4 O-O 5. Be2 d6 6. Nf3 Na6 7. O-O c5 8. d5 e6
9. h3 exd5 10. cxd5 Re8 11. Qc2 Nc7 12. a4 Na6 13. Bf4 Nb4 14. Qb1 Nh5 15. Bh2
a6 16. Nd2 Be5 17. Bxe5 Rxe5 18. Nc4 Rg5 19. f4 Rg3 20. Bxh5 gxh5 21. Qe1 h4 22.
Ne2 Rg6 23. Qc3 f5 24. Rad1 fxe4 25. f5 Rf6 26. Qe3 Rxf5 27. Qxe4 Rg5 28. Nf4
Bf5 29. Qf3 b5 30. Ne3 Kh8 31. Nxf5 Rxf5 32. Qg4 Qf6 33. Ne6 Rxf1+ 34. Rxf1 Qe5
35. Qxh4 Nxd5 36. Qh6 Rg8 37. Rf8 Qe3+ 38. Qxe3 Nxe3 39. Rxg8+ Kxg8 40. Kf2 Nc4
41. axb5 axb5 42. Nc7 b4 43. b3 Nd2 44. Nb5 d5 45. Nc7 d4 46. Ke2 Nxb3 47. Kd3
Nc1+ 48. Kc4 b3 49. Nb5 b2 50. Na3 d3 51. Kc3 c4 52. Kxb2 Ne2 53. Nxc4 Nf4 54.
Kc1 Nxg2 55. Kd2 Nf4 56. h4 Kf7 57. Nb2 Kg6 58. Nxd3 Ne6 59. Ke3 Kh5 60. Nf4+
Nxf4 61. Kxf4 Kxh4 62. Kf3 Kh3 63. Kf2 h5 64. Kg1 Kg3 65. Kh1 h4 66. Kg1 h3 67.
Kh1 Kf3 68. Kg1 Kg4 69. Kh1 Kh4 70. Kg1 Kg3 71. Kh1 Kf3 72. Kg1 Kg4 73. Kh1 Kf4
74. Kg1 Kf5 75. Kh1 Kg4 76. Kg1 Kh4 77. Kh1 Kg3 78. Kg1 Kf3 79. Kh1 Kf4 80. Kg1
Kg4 1/2-1/2

[Event "Titled Tue 24th Jun Late"]
[Site "chess.com INT"]
[Date "2025.06.24"]
[Round "7"]
[White "Zhukovskyi, Oleksandr"]
[Black "Playa, Marcelo"]
[Result "0-1"]
[WhiteTitle "CM"]
[BlackTitle "IM"]
[WhiteElo "2145"]
[BlackElo "2376"]
[WhiteFideId "14169371"]
[BlackFideId "102202"]
[EventDate "2025.06.24"]

1. e4 e6 2. d4 d5 3. Nc3 Bb4 4. e5 c5 5. a3 Bxc3+ 6. bxc3 Ne7 7. Qg4 Qc7 8. Qxg7
Rg8 9. Qxh7 cxd4 10. Qd3 dxc3 11. Ne2 Nbc6 12. Qxc3 Qxe5 13. Bf4 Qxc3+ 14. Nxc3
e5 15. Bg3 f6 16. O-O-O Be6 17. Bh4 Rf8 18. Bb5 O-O-O 19. f3 a6 20. Ba4 Kc7 21.
g4 b5 22. Bb3 Nd4 23. Rd3 Nxb3+ 24. cxb3 Nc6 25. Kb2 Rd7 26. Rhd1 Ne7 27. Bg3
Kb7 28. h4 Rc8 29. h5 d4 30. Ne4 Nd5 31. Bh4 Rf7 32. Nd6+ Kb6 33. Nxf7 Bxf7 34.
Rc1 Nc3 35. Bxf6 Rc5 36. Rcxc3 dxc3+ 37. Rxc3 Rd5 38. Re3 Rd2+ 39. Kc3 Rd1 40.
g5 Rb1 41. Kc2 Rh1 42. g6 Bd5 43. Rxe5 Bxf3 44. g7 Rg1 45. Rg5 Be4+ 46. Kc3 Rxg5
47. Bxg5 Bh7 48. b4 Kc6 49. Bf4 Kd5 50. Bc7 Bg8 51. h6 Bh7 52. Bf4 Bg8 53. Bc1
Bh7 54. Bd2 Bg8 55. Kd3 Bh7+ 56. Ke3 Ke5 57. Bc3+ Kd5 58. Bf6 Ke6 59. Bh4 Ke5
60. Bg3+ Kd5 61. Bf4 Ke6 62. Kd4 Kd7 63. Bc1 Kd6 64. Bf4+ Kc6 65. Ke5 Kd7 66.
Kf6 Ke8 67. Bd6 Be4 68. Bc5 Bh7 0-1

[Event "Titled Tue 24th Jun Late"]
[Site "chess.com INT"]
[Date "2025.06.24"]
[Round "7"]
[White "Kawka, Milena"]
[Black "Martinez, Shawn"]
[Result "0-1"]
[WhiteTitle "WCM"]
[WhiteElo "2003"]
[BlackElo "1921"]
[WhiteFideId "21095167"]
[BlackFideId "2039770"]
[EventDate "2025.06.24"]

1. Nf3 d5 2. e3 c5 3. b3 Nf6 4. Bb2 Nc6 5. Bb5 Bd7 6. O-O g6 7. d3 Bg7 8. Nbd2
O-O 9. Bxc6 Bxc6 10. Ne5 Rc8 11. f4 e6 12. Ndf3 b5 13. Nxc6 Rxc6 14. Ne5 Rc8 15.
c4 bxc4 16. dxc4 dxc4 17. Nxc4 Nd5 18. Bxg7 Kxg7 19. Qf3 Nb6 20. Rfd1 Qe7 21.
Ne5 Nd5 22. e4 Nf6 23. Rac1 h5 24. h3 Rc7 25. Kh2 Rd8 26. Nc4 Rxd1 27. Rxd1 Rd7
28. Rxd7 Qxd7 29. e5 Nd5 30. Nd6 Ne7 31. Qc3 Qc6 32. a4 Nd5 33. Qf3 Qb6 34. Nc4
Qb4 35. Kg3 Qe1+ 36. Kh2 h4 37. a5 Qc1 38. Nd6 Qxf4+ 39. Qxf4 Nxf4 40. Nb7 Nd3
41. Nd6 Nxe5 42. Nc8 Nc6 43. a6 Kf6 44. Nd6 Ke7 45. Ne4 Nd4 46. Nxc5 Kd6 47.
Ne4+ Kc6 48. Ng5 Nxb3 49. Nxf7 Nc5 50. Ne5+ Kd5 51. Nxg6 Nxa6 52. Nxh4 Nc5 53.
Nf3 Ne4 54. h4 a5 55. h5 a4 56. h6 Nf6 57. Nd2 Ng4+ 58. Kg3 Nxh6 59. Kf3 Nf5 60.
g4 Nd4+ 61. Ke3 a3 62. Nb1 Nb5 63. g5 a2 64. g6 axb1=Q 65. g7 Qg6 0-1

[Event "Titled Tue 24th Jun Late"]
[Site "chess.com INT"]
[Date "2025.06.24"]
[Round "7"]
[White "Damaraju, Ashwin"]
[Black "Akbarinia, Sayed Arash"]
[Result "1-0"]
[BlackTitle "FM"]
[WhiteElo "2084"]
[BlackElo "2372"]
[WhiteFideId "39908348"]
[BlackFideId "12501468"]
[EventDate "2025.06.24"]

1. e4 c6 2. d4 d5 3. exd5 cxd5 4. Bd3 Nf6 5. c3 g6 6. Bf4 Bg7 7. Nf3 O-O 8. O-O
Nc6 9. Na3 a6 10. Nc2 Bf5 11. Nce1 Bxd3 12. Nxd3 Ne4 13. Nfe5 Nxe5 14. Bxe5 f6
15. Bg3 Re8 16. Re1 Nxg3 17. hxg3 e5 18. dxe5 fxe5 19. Qb3 Qd7 20. Nb4 Rad8 21.
Rad1 Kh8 22. Nxd5 Qc6 23. Ne3 e4 24. Rxd8 Rxd8 25. Rd1 Rxd1+ 26. Qxd1 h5 27. Qd5
Qb6 28. b3 Bxc3 29. Qxe4 Bd4 30. Qe8+ Kg7 31. Qe7+ Kh6 32. Qf8+ Bg7 33. Qf7 Qc6
34. g4 h4 35. g5+ Kh7 36. Ng4 Qc1+ 37. Kh2 Qxg5 38. Kh3 b5 39. f4 Qc5 40. Nf6+
Kh6 41. Ng8+ Kh7 42. Nf6+ Kh6 43. Ng4+ Kh5 44. f5 Qxf5 45. Qxf5+ gxf5 46. Ne3
Kg5 47. Nd5 a5 48. Nc7 a4 49. Nxb5 axb3 50. axb3 Kf4 51. Nc7 Ke3 52. Kxh4 Kf2
53. Kg5 Kxg2 54. Kxf5 Bc3 55. Nd5 Bd2 56. Ke4 Kf2 57. Kd3 Ke1 58. Nf4 Kd1 59.
Ne2 Bb4 60. Nd4 Kc1 61. Nc2 Kb2 62. Kc4 Bd2 63. Nd4 Be1 64. Nf3 Ba5 65. Ne5 Bd2
66. Nd3+ Ka3 67. Nc5 Bb4 68. Ne6 Be1 69. Nc7 Bb4 70. Nb5+ Kb2 71. Kxb4 Ka2 72.
Kc4 1-0

[Event "Titled Tue 24th Jun Late"]
[Site "chess.com INT"]
[Date "2025.06.24"]
[Round "7"]
[White "Maksimovic, Bojan"]
[Black "Jammalamadaka, Vihaan"]
[Result "1-0"]
[WhiteTitle "IM"]
[BlackTitle "CM"]
[WhiteElo "2514"]
[BlackElo "2018"]
[WhiteFideId "14408120"]
[BlackFideId "30977134"]
[EventDate "2025.06.24"]

1. Nc3 e5 2. d3 Nc6 3. f4 exf4 4. Bxf4 d5 5. Nb5 Bb4+ 6. c3 Ba5 7. Nf3 Nf6 8. g3
O-O 9. Bg2 Bb6 10. Nbd4 Nxd4 11. cxd4 c5 12. O-O cxd4 13. h3 Re8 14. Rc1 Nh5 15.
Bg5 f6 16. Bh4 g5 17. g4 Nf4 18. Bf2 Nxe2+ 19. Kh1 Nxc1 20. Qxc1 Be6 21. Nxd4
Bf7 22. h4 Qd7 23. Nf5 Rac8 24. Qd2 Bxf2 25. Qxf2 Rc6 26. Nh6+ Kg7 27. hxg5 Bg6
28. gxf6+ Kf8 29. Qd4 Qd6 30. f7 Re5 31. g5 a6 32. Ng4 Rf5 33. Rxf5 Bxf5 34. Nh6
Rc1+ 35. Bf1 Rxf1+ 36. Kg2 Bh3+ 37. Kxh3 Rh1+ 38. Kg4 Qe6+ 39. Kg3 Qh3+ 40. Kf4
Rf1+ 41. Ke5 Re1+ 42. Kd6 Qe6+ 43. Kc7 Rc1+ 44. Kb8 Qc8+ 45. Ka7 Qc5+ 46. Qxc5+
Rxc5 47. Kxb7 Rc2 48. Kxa6 Rxb2 49. a4 Rg2 50. a5 Rxg5 51. Kb7 Kg7 52. a6 Rg1
53. a7 Rb1+ 54. Kc7 Ra1 55. Kb7 Rb1+ 56. Kc8 Rc1+ 57. Kb8 Ra1 58. a8=Q Rxa8+ 59.
Kxa8 Kf8 60. Kb7 Ke7 61. Kc6 d4 62. Kd5 Kf8 63. Kxd4 Kg7 64. Ke5 Kf8 65. d4 Ke7
66. d5 Kf8 67. d6 Kg7 68. d7 Kf8 69. d8=Q+ Kg7 70. f8=Q+ Kg6 71. Qdf6+ 1-0

[Event "Titled Tue 24th Jun Late"]
[Site "chess.com INT"]
[Date "2025.06.24"]
[Round "7"]
[White "Mei, Austin"]
[Black "Askarov, Bakhtiyar"]
[Result "1-0"]
[WhiteTitle "FM"]
[BlackTitle "IM"]
[WhiteElo "2280"]
[BlackElo "2297"]
[WhiteFideId "30948479"]
[BlackFideId "13701100"]
[EventDate "2025.06.24"]

1. e4 g6 2. d4 Bg7 3. Nc3 d6 4. Be3 a6 5. g4 b5 6. Bg2 Bb7 7. h4 Nf6 8. g5 Nh5
9. Bf3 Nd7 10. Nge2 e5 11. Bxh5 gxh5 12. Ng3 exd4 13. Bxd4 Be5 14. Nxh5 Qe7 15.
f4 Bxd4 16. Qxd4 O-O-O 17. O-O-O h6 18. Ng7 hxg5 19. Nf5 Qf6 20. hxg5 Qxd4 21.
Nxd4 Nc5 22. Rhe1 Rh4 23. b4 Nd7 24. Nd5 Re8 25. Nf5 Rg4 26. Nc3 Rxf4 27. Rf1
Rxf1 28. Rxf1 Ne5 29. Nh6 Re7 30. Nd5 Bxd5 31. exd5 Kd8 32. Nf5 Re8 33. Nh6 Ke7
34. Kd2 Rf8 35. Ke3 a5 36. a3 axb4 37. axb4 Ra8 38. Ke4 Ra4 39. Nf5+ Kd7 40. c3
Ra3 41. Kd4 Ra2 42. Nh6 Rd2+ 43. Ke4 Re2+ 44. Kd4 Ke7 45. Nf5+ Ke8 46. Ng7+ Kd7
47. Nf5 Rd2+ 48. Ke4 Rc2 49. Kd4 Rg2 50. Nh6 Ke7 51. Ng8+ Ke8 52. Nf6+ Kd8 53.
Ne4 Rg4 54. Ke3 Ke7 55. Rh1 Rg2 56. Rh8 Rc2 57. Rc8 Kd7 58. Rb8 Rc1 59. Rxb5
Re1+ 60. Kd4 Nf3+ 61. Kd3 Ne5+ 62. Kd4 Rd1+ 63. Ke3 Rd3+ 64. Ke2 Rh3 65. Nf6+
Ke7 66. Ra5 Rh2+ 67. Ke3 Rh3+ 68. Ke4 Rh4+ 69. Kf5 Nd3 70. g6 Rf4+ 71. Kg5 1-0

[Event "Titled Tue 24th Jun Late"]
[Site "chess.com INT"]
[Date "2025.06.24"]
[Round "7"]
[White "Burovic, Rijad"]
[Black "Ozen, Batuhan"]
[Result "1-0"]
[WhiteTitle "IM"]
[BlackTitle "CM"]
[WhiteElo "2420"]
[BlackElo "2128"]
[WhiteFideId "14407701"]
[BlackFideId "6345123"]
[EventDate "2025.06.24"]

1. e4 c5 2. d3 Nc6 3. g3 g6 4. Bg2 Bg7 5. f4 Nf6 6. Nf3 d5 7. e5 Nd7 8. O-O e6
9. c3 b6 10. Be3 Bb7 11. d4 cxd4 12. cxd4 Rc8 13. Nc3 O-O 14. Bf2 Na5 15. Rc1
Ba6 16. Re1 Qe7 17. b3 Rfe8 18. Qd2 Bf8 19. g4 Qa3 20. Nb1 Qb4 21. Qe3 Rxc1 22.
Rxc1 Rc8 23. f5 Qe7 24. Bh4 Qe8 25. Nc3 Nc6 26. Bf1 Bxf1 27. Rxf1 Ndxe5 28. Nxe5
Nxe5 29. fxe6 Qxe6 30. Qxe5 Qxg4+ 31. Bg3 Rxc3 32. Qxd5 Qe6 33. Qxe6 fxe6 34.
Rf6 Rd3 35. Be5 Rd1+ 36. Kg2 Rd2+ 37. Kf3 Rxa2 38. Rxe6 Ra3 39. d5 Rxb3+ 40. Ke4
Rb4+ 41. Kd3 Rb5 42. Ke4 Rb4+ 43. Kd3 a5 44. d6 Rb5 45. Ke4 Bxd6 46. Rxd6 Kf7
47. Rd7+ Ke6 48. Rd6+ Ke7 49. Rc6 Kd7 50. Rc7+ Ke6 51. Rc6+ Kd7 52. Rc1 Ke6 53.
Bd4 Rb4 54. Rc6+ Kd7 55. Rxb6 Rxb6 56. Bxb6 a4 57. Bc5 Ke6 58. h4 Kf6 59. Kf4 h6
60. Kg4 Ke6 61. Bf8 g5 62. h5 Kf7 63. Bb4 Kf6 64. Ba3 Ke6 65. Bb2 1-0